Quick Pick: Motown Songs Quiz Stats

Quiz Updated Jul 9, 2016

Challenge
Share
Tweet
Embed
Score 0/14 Timer 01:30
7 Plays Today
% Correct
Going
98.1%
Hangin'
97.5%
Needle
97.3%
Sunshine
97.3%
Ain't
96.7%
Becomes
95.5%
Heat
94.6%
% Correct
Miles
94.4%
Guy
94.3%
Heart
94%
Morning
93.5%
Please
93.5%
Shadows
91.8%
Tracks
89.7%

Today's Daily Dose

Missing Word
Law Misconceptions

Word Ladder
Easy Math

On This Day
January 20th

You're not logged in!

Compare scores with friends on all Sporcle quizzes.
Sign Up with Email
OR
Log In

You Might Also Like...

Show Comments

Extras

Top Quizzes Today


Score Distribution

Your Account Isn't Verified!

In order to create a playlist on Sporcle, you need to verify the email address you used during registration. Go to your Sporcle Settings to finish the process.